Le mot manquant est un pays ou une ville (click quiz) - Statistiques

Statistiques générales
  • Ce quiz a été pris 202 fois
  • Le résultat moyen est 11 sur 13
Statistiques - réponses
Hint Réponse % Correct
Il est énorme ton bouton ; il faut que tu le ……… Perth
97%
Je ………. que tu as encore oublié de ranger tes chaussettes. Paris
95%
………. ces jours, il faudra que tu apprennes à récurer les toilettes. Inde
91%
Je me demande si regarder Inspecteur Derrick, ça ………. Andorre
90%
Si tu n’avais pas eu autant de sextuplés, tu n’aurais pas les seins en ………. de toilette. Gand
90%
Bête comme tu es, si tu trouves une femme, ce ne sera pas avant ………. Milan
89%
Ton mari n’est pas au bar mais ………. de tir. Ostende
87%
Il ne sait pas si c’est son ………. sa mère qui porte la barbe. Pérou
84%
Il s’y connaît plus en morue qu’en ………. au lait. Rio
84%
Malheureusement, mon voisin ………. le sosie de Jason Statham. Népal
83%
Ta passion pour les ………. musette me désespère. Bâle
82%
Il est vraiment laid .......... ! Tonga
74%
Je préfère vivre ………. comme Arnac-la-Poste plutôt qu’en ville. Hambourg
67%
Aucun quiz correspondant
Distribution des résultats
% des personnes avec chaque résultat
Percentile par nombre de réponses
Votre historique - résultats
Vous n’avez pas pris ce quiz